Théorie de l'impot (Record no. 162643)

MARC details
000 -LEADER
campo de control de longitud fija 00833nam a22002295i 4500
001 - NÚMERO DE CONTROL
campo de control 162643
003 - IDENTIFICADOR DE NÚMERO DE CONTROL
campo de control ES-MaACL
005 - FECHA Y HORA DE LA ÚLTIMA TRANSACCIÓN
campo de control 20250822063218.0
008 - DATOS DE LONGITUD FIJA--INFORMACIÓN GENERAL
campo de control de longitud fija 990719s1861 fr |||| | fre d
040 ## - FUENTE DE CATALOGACIÓN
Centro catalogador/agencia de origen CCPB | B
Lengua de catalogación spa
Centro/agencia transcriptor CCPB | B
100 ## - ENTRADA PRINCIPAL--NOMBRE DE PERSONA
Nombre de persona Proudhon, Pierre-Joseph,
Fechas asociadas al nombre 1809-1865
9 (RLIN) 223708
245 10 - MENCIÓN DEL TÍTULO
Título Théorie de l'impot
Resto del título : question mise au concours par le Conseil d'État du Canton de Vaud en 1860 /
Mención de responsabilidad, etc. par P.-J. Proudhon.
260 ## - PUBLICACIÓN, DISTRIBUCIÓN, ETC.
Lugar de publicación, distribución, etc. Paris :
Nombre del editor, distribuidor, etc. E. Dentu,
Fecha de publicación, distribución, etc. 1861 (
Fabricante Imp. de J. Claye)
300 ## - DESCRIPCIÓN FÍSICA
Extensión [4], 400 p. ;
Dimensiones 18 cm.
490 1# - MENCIÓN DE SERIE
Mención de serie Essais de philossophie pratique ;
Designación de volumen o secuencia 15
597 #1 - NOTA DE DESCRIPCIÓN FÍSICA
NOTA DE DESCRIPCIÓN FÍSICA Antep.
650 #4 - PUNTO DE ACCESO ADICIONAL DE MATERIA--TÉRMINO DE MATERIA
Término de materia o nombre geográfico como elemento de entrada Impuestos-
Subdivisión geográfica Suiza.
9 (RLIN) 223586
752 ## - ENTRADA AGREGADA--NOMBRE JERÁRQUICO DEL LUGAR
País o entidad superior Francia -
Ciudad París
830 0# - PUNTO DE ACCESO ADICIONAL DE SERIE-TÍTULO UNIFORME
Título uniforme Essais de philossophie pratique ;
Designación de volumen o secuencia 15
9 (RLIN) 222211
852 ## - LOCALIZACIÓN
Ubicación ES-MaACL
Número de control de estantería G-8546
Nota libre -- Enc. hol.
Holdings
Estatus retirado Estado de pérdida Estado de daño No para préstamo Colección Biblioteca de origen Biblioteca actual Ubicación en estantería Fecha de adquisición Fuente de adquisición Total de préstamos Signatura topográfica completa Código de barras Visto por última vez Precio de reemplazo Tipo de ítem Koha
        Libros del s. XIX Biblioteca del Ateneo de Madrid Biblioteca del Ateneo de Madrid Sala Pecera Planta 3 17/01/2008     G-8546 1170393 23/02/2023 23/02/2023 Libro impreso antiguo